00602nam a22002057a 450000500170000001000110001702000100002803500110003803700160004904000120006508200180007710000200009524500540011526000450016927000550021430000260026950000510029565000230034665000270036920170124110012.0 a975336 c00.00 a975336 bCen Lib/Ret aDPLbEN a332.4954bGUP aGupta, Suraj B. aMonetary planning for india /cby Suraj B. Gupta  aNew DelhibOxford University Pressc1979 a2/11, ansari road, dariya ganj bNew Delhie110002 aviii, 240p.c21cm(Hb) aIncludes bibliographical references and index  aMonetary planning  aMoney supply analysis